Co očekávat od dokončení Evropské hospodářské a měnové unie?

Projekt dokončenia hospodárskej a menovej únie (HMU), ktorý sa primárne zameriava na eurozónu, ale je otvorený všetkým členom Európskej únie. Európsky mechanizmus stability (ESM), jednotný fond pre riešenie kríz (SRF) a dohoda na spoločnom systéme poistenia vkladov (EDIS). Teoretický koncept integrá...

Ausführliche Beschreibung

Gespeichert in:
Bibliographische Detailangaben
1. Verfasser: Procházka, Petr
Format: Buchkapitel
Sprache:Tschechisch
Schlagworte:
Tags: Tag hinzufügen
Keine Tags, Fügen Sie das erste Tag hinzu!

MARC

LEADER 00000naa a2200000 4500
001 0207511
005 20231211083954.6
041 0 |a cze 
044 |a CZ 
245 1 0 |a Co očekávat od dokončení Evropské hospodářské a měnové unie?  |c Petr Procházka 
520 |a Projekt dokončenia hospodárskej a menovej únie (HMU), ktorý sa primárne zameriava na eurozónu, ale je otvorený všetkým členom Európskej únie. Európsky mechanizmus stability (ESM), jednotný fond pre riešenie kríz (SRF) a dohoda na spoločnom systéme poistenia vkladov (EDIS). Teoretický koncept integrácie a európska realita. 
610 2 0 |a Európska únia 
610 2 0 |a eurozóna 
610 2 0 |a únie hospodárske 
610 2 0 |a únie menové 
610 2 0 |a únie colné 
610 2 0 |a spolupráca medzinárodná 
100 1 |a Procházka, Petr